Electrotherapy : (رقم التسجيلة. 31584)

تفاصيل مارك
000 -الفاتح
حقل البيانات ثابتة الطول 02731cam a22004094a 4500
001 - رقم الضبط
رقم الضبط 14891060
003 - محدد رقم الضبط
رقم الضبط OSt
005 - وقت وتاريخ اخر تعامل مع التسجيلة
رقم الضبط 20150408114146.0
008 - عناصر البيانات ثابتة الطول - معلومات عامة
حقل البيانات ثابتة الطول 070611s2008 stka b 001 0 eng
010 ## - رقم ضبط مكتبة الكونجرس
رقم ضبط مكتبة الكونجرس 2007024439
015 ## - رقم الببليوجرافية الوطنية
رقم الببليوجرافية الوطنية GBA790648
المصدر bnb
016 7# - رقم ضبط الوكاله الوطنية للضبط الببليوجرافي
رقم ضبط التسجيلة 101309031
المصدر DNLM
016 7# - رقم ضبط الوكاله الوطنية للضبط الببليوجرافي
رقم ضبط التسجيلة 014276155
المصدر Uk
020 ## - الرقم الدولى المعيارى للكتب
الرقم الدولى المعيارى للكتاب 0443101795
020 ## - الرقم الدولى المعيارى للكتب
الرقم الدولى المعيارى للكتاب 9780443101793
035 ## - رقم ضبط النظام
رقم ضبط النظام (OCoLC)ocn144568210
035 ## - رقم ضبط النظام
رقم ضبط النظام (OCoLC)144568210
040 ## - مصدر الفهرسة
وكالة الفهرسة الأصلية DNLM/DLC
وكالة النسخ DLC
وكالة التعديل NLM
-- BTCTA
-- UKM
-- BAKER
-- YDXCP
-- C#P
-- DLC
042 ## - رمز التحقق
رمز التحقق pcc
050 00 - رقم طلب مكتبة الكونجرس
رقم التصنيف RM871
رقم المادة .C63 2008
082 00 - رقم تصنيف ديوى العشرى
رقم التصنيف 615.845
رقم الطبعة 22
رقم المادة ELE
245 00 - بيان العنوان
العنوان Electrotherapy :
بقية العنوان evidence-based practice.
250 ## - بيان الطبعة
بيان الطبعة 12th ed. /
بقية بيان الطبعة edited by Tim Watson.
260 ## - PUBLICATION, DISTRIBUTION, ETC. (IMPRINT)
مكان الناشر او الموزع Edinburgh ;
-- New York :
اسم الناشر او الموزع Churchill Livingstone,
تاريخ النشر أو التوزيع 2008.
300 ## - الوصف المادى
التعداد xii, 401 p. :
تفاصيل ماديه اخرى للوعاء ill. ;
أبعاد الوعاء 25 cm.
440 #0 - بيان السلسلة/مدخل إضافى-العنوان
العنوان Physiotherapy essentials
9 (RLIN) 38608
504 ## - تبصرة ببليوجرافية
تبصرة ببليوجرافية,الخ Includes bibliographical references and index.
505 0# - تبصرة محتويات-الفهرس
تبصرة المحتويات المصاغة Introduction : current concepts and clinical decision making in electrotherapy / Tim Watson -- Electrophysical and thermal principles / Gail ter Haar -- Electrical properties of tissues / Tim Watson -- Tissue repair / Sheila Kitchen and Stephen R. Young -- Sensory and motor nerve activation / Mary Cramp and Oona Scott -- Physiology of pain / Leslie Wood -- Thermal effects / Sheila Kitchen -- Low-energy treatments : non-thermal or microthermal? / Sheila Kitchen and Mary Dyson -- Heat and cold application / Sheila Kitchen -- Pulsed and continuous shortwave therapy / Maryam M. Al-Mandeel and Tim Watson -- Low-intensity laser therapy / G. David Baxter -- Therapeutic ultrasound / Tim Watson and Stephen R. Young -- Introduction to low-frequency currents / Deirdre M. Walsh -- Neuromuscular electrical stimulation : nerve-muscle interaction / Mary Cramp and Oona Scott -- Neuromuscular and muscular electrical stimulation / Suzanne McDonough -- Transcutaneous electrical nerve stimulations (TENS) / Mark I. Johnson -- Interferential currents / Shea Palmer and Denis Martin -- Functional electrical stimulation / David Ewins and Sally Durham -- Electrical stimulation for enhanced wound healing / Tim Watson -- Musculoskeletal ultrasound imaging / John Leddy -- Guidance for the clinical use of electrophysical agents 2006 / Sarah Bazin ... [et al.].
650 #0 - المدخل الاضافى بالموضوع-مصطلح موضوعى
مصطلح موضوعي أو اسم جغرافي كعنصر مدخل Electrotherapeutics.
9 (RLIN) 38246
650 12 - المدخل الاضافى بالموضوع-مصطلح موضوعى
مصطلح موضوعي أو اسم جغرافي كعنصر مدخل Electric Stimulation Therapy
التقسيم الفرعي العام methods.
9 (RLIN) 38609
650 22 - المدخل الاضافى بالموضوع-مصطلح موضوعى
مصطلح موضوعي أو اسم جغرافي كعنصر مدخل Evidence-Based Medicine.
700 1# - المدخل الاضافى - اسم شخصى
الإسم الشخصى Watson, Tim,
التواريخ المصاحبة للاسم 1957-
9 (RLIN) 38610
856 41 - الوصول و الموقع الالكترونى
مواد محددة Table of contents only
معرف المصدر الموحد <a href="http://www.loc.gov/catdir/toc/ecip0720/2007024439.html">http://www.loc.gov/catdir/toc/ecip0720/2007024439.html</a>
906 ## - عنصر بيانات محلى F, LDF (RLIN)
a 7
b cbc
c orignew
d 1
e ecip
f 20
g y-gencatlg
942 ## - عناصر المدخل الإضافي( كوها)
مصدر التصنيف او مخطط الترفيف Dewey Decimal Classification
Koha [default] item type كتاب
المقتنيات
حالة الفقد نموذج السعر الفعال حالة تلف ليس للاعارة رقم الطلب تاريخ الاكتساب الموقع الحالي الباركود الفرع الرئيسي Date last seen نوع المادة فى نظام كوها مصدر التصنيف او خطة الترفيف Total Checkouts Date last checked out
  2013-10-30     615.845 ELE 2013-10-30 المكتبة المركزية بالمجمعة (CL) 00402708 المكتبة المركزية بالمجمعة (CL) 2013-10-30 كتاب Dewey Decimal Classification    
  2013-10-30     615.845 ELE 2013-10-30 المكتبة المركزية بالمجمعة (CL) 00402709 المكتبة المركزية بالمجمعة (CL) 2013-10-30 كتاب Dewey Decimal Classification    
  2013-10-30     615.845 ELE 2013-10-30 المكتبة المركزية بالمجمعة (CL) 00402710 المكتبة المركزية بالمجمعة (CL) 2013-10-30 كتاب Dewey Decimal Classification    
  2013-10-30     615.845 ELE 2013-10-30 مكتبة كلية العلوم الطبية التطبيقية بالمجمعة - طالبات (AMF) 00402711 مكتبة كلية العلوم الطبية التطبيقية بالمجمعة - طالبات (AMF) 2018-04-03 كتاب Dewey Decimal Classification 1 2018-02-15
  2013-10-30     615.845 ELE 2013-10-30 مكتبة كلية العلوم الطبية التطبيقية بالمجمعة - طالبات (AMF) 00402712 مكتبة كلية العلوم الطبية التطبيقية بالمجمعة - طالبات (AMF) 2013-10-30 كتاب Dewey Decimal Classification    
  2013-10-30     615.845 ELE 2013-10-30 مكتبة كلية العلوم الطبية التطبيقية بالمجمعة - طالبات (AMF) 00402713 مكتبة كلية العلوم الطبية التطبيقية بالمجمعة - طالبات (AMF) 2022-06-05 كتاب Dewey Decimal Classification 1 2021-09-07